000 00693nam a2200253Ia 4500
003 OSt
005 20220918164323.0
006 a|||||r|||| 00| 0
007 ta
008 220917b |||||||| |||| 00| 0 eng d
020 _a0521473144 (hbk)
024 _a29,367
037 _cTextual
040 _aARTS
_cARTS
_beng
041 _2eng
_aeng
082 _aO111,3:g(Y35), N6
100 _aWirth Nesher Hana
_918301
245 0 _aCity codes
_b reading the modern urban novel
260 _aCambridge
_bCUP
_c1996
300 _ax,244p.
_ccm.
650 _aENGLISH LITERATURE
942 _hO111,3:g(Y35), N6
_cTEXL
_2CC
999 _c124239
_d124239